Statistics for Independent countries with several FIFA representatives

Click here to take the quiz!

General Stats

  • This quiz has been taken 22 times
  • The average score is 7 of 9

Answer Stats

Hint Answer % Correct
11United Kingdom
100%
5USA
100%
3France
100%
3Netherlands
100%
2Denmark
82%
3China
76%
2New Zealand
65%
2Israel
41%
2Serbia
24%

Score Distribution

Percentile by Number Answered

Percent of People with Each Score

Your Score History

You have not taken this quiz